000
00251nam a22000977a 4500
999
_c
3719
_d
3719
008
161108b xxu||||| |||| 00| 0 eng d
020
_a
9788182963801
100
_9
1063
_a
Pandey.V.K.
245
_a
Information Technology-VII
260
_a
New Delhi
_b
APC
_c
2012